El kitsch : (Record no. 19946)

MARC details
000 -CABECERA
campo de control de longitud fija 00837nam a2200265 4500
003 - IDENTIFICADOR DEL NÚMERO DE CONTROL
campo de control OSt
005 - FECHA Y HORA DE LA ÚLTIMA TRANSACCIÓN
campo de control 20260601170958.0
008 - DATOS DE LONGITUD FIJA--INFORMACIÓN GENERAL
campo de control de longitud fija 260507b1973\\\\ag\|||||\||||\00|\0\spa\d
040 ## - FUENTE DE LA CATALOGACIÓN
Centro catalogador/agencia de origen ICI
Lengua de catalogación spa
Centro/agencia transcriptor ICI
041 ## - CÓDIGO DE LENGUA
Código de lengua del texto/banda sonora o título independiente spa
050 ## - SIGNATURA TOPOGRÁFICA DE LA BIBLIOTECA DEL CONGRESO
Número de clasificación BH301.K5
Número de documento/Ítem M6518 1990
100 #1 - ENTRADA PRINCIPAL--NOMBRE DE PERSONA
Nombre de persona Moles, Abraham A.,
Fechas asociadas al nombre autor
9 (RLIN) 30981
240 #1 - TÍTULO UNIFORME
Título uniforme El kitsch
Lenguaje de la obra Español
245 #1 - MENCIÓN DE TÍTULO
Título El kitsch :
Resto del título El arte de la felicidad /
Mención de responsabilidad, etc. Abraham moles ; traducción de Josefina ludner
264 ## - PRODUCCIÓN, PUBLICACIÓN, DISTRIBUCIÓN, FABRICACIÓN Y COPYRIGHT
Producción, publicación, distribución, fabricación y copyright Argentina
Nombre del de productor, editor, distribuidor, fabricante Paidos BsAs
Fecha de producción, publicación, distribución, fabricación o copyright 1973
300 ## - DESCRIPCIÓN FÍSICA
Extensión 250 páginas:
Otras características físicas ilustraciones
336 ## - TIPO DE CONTENIDO
Término de tipo de contenido texto
Fuente rdacontent
337 ## - TIPO DE MEDIO
Nombre/término del tipo de medio sin medio
Fuente rdamedia
338 ## - TIPO DE SOPORTE
Nombre/término del tipo de soporte volumen
Fuente rdacarrier
490 #0 - MENCIÓN DE SERIE
Mención de serie Paidos studio ;
Designación de volumen o secuencia 82
500 ## - NOTA GENERAL
Nota general Traducción de : le kitsch : l'art au boulieur
650 ## - PUNTO DE ACCESO ADICIONAL DE MATERIA--TÉRMINO DE MATERIA
Término de materia o nombre geográfico como elemento de entrada Kitsch
9 (RLIN) 30982
700 ## - PUNTO DE ACCESO ADICIONAL--NOMBRE DE PERSONA
Nombre de persona Ludner, Josefina
Término indicativo de función/relación traductor
9 (RLIN) 30983
942 ## - ELEMENTOS DE PUNTO DE ACCESO ADICIONAL (KOHA)
Fuente del sistema de clasificación o colocación Dewey Decimal Classification
Tipo de ítem Koha Libros
Suprimir en OPAC 1

No items available.